Servant of Mut : studies in honor of Richard A. Fazzini /

Saved in:

Other Authors: D'Auria, Sue., Fazzini, Richard A.

Format: Book

Language: English

Published: Boston : Brill, 2008.

Series: Probleme der Agyptologie ; 28.
PdA ; 28.

Subjects:

Tags: Add Tag

No Tags, Be the first to tag this record!

Call Number: DT57 .P92 v.28

LEADER 02391namaa2200361 4500
001 13314
003 OSt
005 20260421124511.0
008 130303s2008 ne ac b 001 0 eng d
010 |a 2007042596 
020 |a 9789004158573 
040 |c ARCE Library 
043 |a f-ua--- 
050 4 |a DT57 .P92 v.28 
245 0 0 |a Servant of Mut :  |b studies in honor of Richard A. Fazzini /  |c edited by Sue H. D'Auria. 
264 1 |a Boston :  |b Brill,  |c 2008. 
300 |a xxiv, 267 pages :   |b illustrations, port. ;   |c 30 cm. 
490 1 |a Probleme der Agyptologie ;   |v 28. 
490 1 |a PdA ;   |v 28. 
504 |a Includes bibliographical references and index. 
504 |a "Bibliography of Richard A. Fazzini": p. [xi]-xv. 
505 1 |a Egyptian art -- a performing art? / Dorothea Arnold -- The puzzling stela of Userpehtynesu and Penetjer / Edward Bleiberg -- Mut or not? On the meaning of a vulture sign on the Hermitage statue of Amenemhat III / Andrey O. Bolshakov -- A newly discovered statue of a queen from the reign of Amenhotep III / Betsy M. Bryan -- Decoration and architecture : the definition of private tomb environment / Violaine Chauvet -- An Old Kingdom bowl from Mendes in the Brooklyn Museum of Art : a preliminary investigation of its archaeological context / Madeleine Cody -- Androgynous bronze figurines in storage at the Los Angeles County Museum of Art / Kathlyn M. Cooney -- The foundations of Hibis / Eugene Cruz-Uribe -- A statuette of Psamtik I with a spear / Mamdouh Eldamaty -- Tell me, Richard -- did the ancient Egyptians really wear suspenders? (Thoughts on the vizier's insignia and one of the men who wore it druing Amenhotep III's reign) / Biri Fay -- Writing Ramesside hieratic : what the Late-Egyptian Miscellanies tell us about scribal education / Ogden Goelet, Jr. -- The Drexel Collection : from Egypt to the Diaspora / W. Benson Harer, Jr. -- A vignette concerning the deification of Thutmose IV / Melinda Hartwig -- A fragment from a lost monument of Amenirdis I in the Gayer-Anderson Museum / Salima Ikram. 
650 0 |a Art, Egyptian. 
650 0 |a Mut (Egyptian deity) 
651 0 |a Egypt  |x Antiquities. 
651 0 |a Egypt  |x Religion. 
700 1 |a D'Auria, Sue. 
700 1 |a Fazzini, Richard A. 
830 0 |a Probleme der Agyptologie ;   |v 28. 
830 0 |a PdA ;   |v 28. 
901 |a reviewed 
942 |c BK  |2 lcc 
999 |c 13218  |d 13218